00405nam a2200145Ia 4500008004100000040001900041041001200060082002700072100002700099245004300126260004000169300002100209650001900230850001000249131103s9999 xx 000 0 und d aLoreto College aEnglish a891.433/SRIbLCLIB/SRI aSrivastava,Shivnarayan aHindi UpanyashcShivnarayan Shivastava aBanarasbSaraswati Mandirc[19 - ?] a388 p. c 17 cm. aHindi Fiction  aLCLIB